| 000 | 01635nam0a2200397 4500 | ||
|---|---|---|---|
| 001 | RU\NLR\bibl\1072068 | ||
| 005 | 20250615043721.0 | ||
| 010 | _a5-94665-447-0 | ||
| 010 |
_a978-5-94665-447-0 _920000 |
||
| 021 |
_aRU _b2007-13577 _9726 |
||
| 035 | _a(NLR Aleph) 001059294 | ||
| 090 |
_a928306 _c928306 |
||
| 100 | _a20070411d2007 |||y0rusy50 ca | ||
| 101 | 0 | _arus | |
| 102 | _aRU | ||
| 105 | _ay ||||||||| | ||
| 200 | 1 |
_aКлассные часы по этическому и эстетическому воспитанию _e1-4 классы _fО.Е. Жиренко, Е.В. Лапина, Т.В. Киселева |
|
| 210 |
_aМосква _cВАКО _d2007 |
||
| 215 |
_a208 с. _d20 |
||
| 225 | 1 | _aПедагогика. Психология. Управление | |
| 320 | _aБиблиогр.: с. 205-206 | ||
| 606 | 1 |
_aЭтика _xПреподавание _xНачальная школа _92478252 _3RU\NLR\AUTH\661471366 |
|
| 606 | 1 |
_aШкольники _xХудожественное воспитание _92307309 _3RU\NLR\auth\661381054 |
|
| 606 | 1 |
_aКлассный час _xПроведение в начальной школе _92351161 _3RU\NLR\auth\661404645 |
|
| 686 | _aЧ421.32,01 | ||
| 686 | _aЧ426.302 | ||
| 686 | _aЧ421.355 | ||
| 700 | 1 |
_aЖиренко _bО. Е _gОльга Егоровна _4070 |
|
| 701 | 1 |
_aЛапина _bЕ. В. _gЕлена Владимировна _4070 |
|
| 701 | 1 |
_aКиселева _bТ. В. _gТатьяна Васильевна _4070 |
|
| 801 | 0 |
_aRU _bNLR _c20070411 _gRCR |
|
| 801 | 1 |
_aRU _bNLR _c20070411 |
|
| 942 | _cBOOK | ||
| 980 | _aNB | ||